Sequence characterisation of B-1,3-glucanase gene from Hevea brasiliensis through genomic and cDNA cloning (Record no. 68608)

MARC details
000 -LEADER
fixed length control field 00577nam a2200181Ia 4500
100 ## - MAIN ENTRY--AUTHOR NAME
Personal name Thanseem I
245 #0 - TITLE STATEMENT
Title Sequence characterisation of B-1,3-glucanase gene from Hevea brasiliensis through genomic and cDNA cloning
260 ## - PUBLICATION, DISTRIBUTION, ETC. (IMPRINT)
Name of publisher Indian Journal of Natural Rubber Research
Year of publication 2003
300 ## - PHYSICAL DESCRIPTION
Number of Pages 106-114
650 ## - SUBJECT ADDED ENTRY--TOPICAL TERM
Topical Term B-1,3-glucanase,cDNA cloning
650 ## - SUBJECT ADDED ENTRY--TOPICAL TERM
Topical Term Gene amplification
650 ## - SUBJECT ADDED ENTRY--TOPICAL TERM
Topical Term Gene expression
650 ## - SUBJECT ADDED ENTRY--TOPICAL TERM
Topical Term Hevea brasiliensis
700 ## - ADDED ENTRY--PERSONAL NAME
Personal name Thulaseedharan A
700 ## - ADDED ENTRY--PERSONAL NAME
Personal name Venkatachalam P
942 ## - ADDED ENTRY ELEMENTS (KOHA)
Koha item type Journals
Holdings
Withdrawn status Lost status Damaged status Not for loan Home library Current library Shelving location Date acquired Serial Enumeration / chronology Koha item type
      Journals RRII Library RRII Library Biotechnology 17/12/2021 Volume 16, Issue 1&2 Journals